<?xml version="1.0" encoding="UTF-8"?>
<record
    xmlns:xsi="http://www.w3.org/2001/XMLSchema-instance"
    xsi:schemaLocation="http://www.loc.gov/MARC21/slim http://www.loc.gov/standards/marcxml/schema/MARC21slim.xsd"
    xmlns="http://www.loc.gov/MARC21/slim">

  <leader>00634nam a22002177a 4500</leader>
  <controlfield tag="005">20160613135916.0</controlfield>
  <controlfield tag="008">160613b        sp ||||| |||| 00| 0 spa d</controlfield>
  <datafield tag="020" ind1=" " ind2=" ">
    <subfield code="a">9788497685382</subfield>
  </datafield>
  <datafield tag="050" ind1="0" ind2="4">
    <subfield code="a">K230 </subfield>
    <subfield code="b">S83 2008</subfield>
  </datafield>
  <datafield tag="100" ind1="1" ind2=" ">
    <subfield code="a">Sucar, Germ&#xE1;n,  </subfield>
  </datafield>
  <datafield tag="245" ind1="1" ind2="0">
    <subfield code="a">Concepciones del derecho y de la verdad jur&#xED;dica /</subfield>
  </datafield>
  <datafield tag="250" ind1=" " ind2=" ">
    <subfield code="a">1a ed. </subfield>
  </datafield>
  <datafield tag="260" ind1=" " ind2=" ">
    <subfield code="a">Madrid :</subfield>
    <subfield code="b"> Marcial Pons : </subfield>
    <subfield code="c">2008</subfield>
  </datafield>
  <datafield tag="300" ind1=" " ind2=" ">
    <subfield code="a">475 p. ; </subfield>
    <subfield code="c">24 cm. </subfield>
  </datafield>
  <datafield tag="490" ind1=" " ind2="0">
    <subfield code="a">Filosof&#xED;a y Derecho</subfield>
  </datafield>
  <datafield tag="504" ind1=" " ind2=" ">
    <subfield code="a">Bibligraf&#xED;a p. ; 453 - 475 e &#xED;ndice </subfield>
  </datafield>
  <datafield tag="650" ind1=" " ind2="4">
    <subfield code="a">Derecho y filosof&#xED;a</subfield>
  </datafield>
  <datafield tag="650" ind1=" " ind2="4">
    <subfield code="a">Positivismo legal </subfield>
  </datafield>
  <datafield tag="650" ind1=" " ind2="4">
    <subfield code="a">Estado de derecho</subfield>
  </datafield>
  <datafield tag="942" ind1=" " ind2=" ">
    <subfield code="2">lcc</subfield>
    <subfield code="c">LIB</subfield>
  </datafield>
  <datafield tag="999" ind1=" " ind2=" ">
    <subfield code="c">117163</subfield>
    <subfield code="d">117163</subfield>
  </datafield>
  <datafield tag="952" ind1=" " ind2=" ">
    <subfield code="1">0</subfield>
    <subfield code="2">lcc</subfield>
    <subfield code="4">0</subfield>
    <subfield code="7">0</subfield>
    <subfield code="a">LIC-020</subfield>
    <subfield code="b">LIC-020</subfield>
    <subfield code="c">GENERAL</subfield>
    <subfield code="d">2016-06-13</subfield>
    <subfield code="e">UA-GENERICO</subfield>
    <subfield code="f">1a ed. </subfield>
    <subfield code="i">H</subfield>
    <subfield code="k">EH</subfield>
    <subfield code="o">K230 S83 2008</subfield>
    <subfield code="p">BFF000016248</subfield>
    <subfield code="r">2016-06-13 00:00:00</subfield>
    <subfield code="t">C:1</subfield>
    <subfield code="y">LIB</subfield>
  </datafield>
</record>
